000 00799nam0a22002291 4500
001 v19\rc\1277739
005 20260407020250.0
035 _a(NLR Aleph) 004428792
090 _a4238088
_c4238088
100 _a20060306d1897 |||y0rusy50 ca
101 0 _arus
102 _aRU
105 _ay z |||||
200 1 _aПрограмма предметов, преподаваемых в Синодальном училище церковного пения
210 _aМосква
_cСинод. тип.
_d1897
215 _a[1], 141 с.
_d26
710 0 2 _aМосковское синодальное училище церковного пения
_3RU\NLR\AUTH\8810005009
_9507379
801 0 _aRU
_bNLR
_gpsbo
801 1 _aRU
_bProSoft-M
_2rusmarc
852 _aNLR
_j92-7/93
942 _cBOOK
980 _aNB